| 000 | 01298nac a22002651u 4500 | ||
|---|---|---|---|
| 010 | _a2003057631 | ||
| 020 | _a047147133X (acid-free paper) | ||
| 082 | 0 | 0 |
_a620.00452 _bR248 |
| 090 |
_c1232 _d1232 |
||
| 100 | _aRausand, Marvin. | ||
| 245 | 1 | 0 |
_aSystem reliability theory : _bmodels, statistical methods, and applications / _cMarvin Rausand, Arnljot Høyland. |
| 250 | _a2nd ed. | ||
| 260 |
_aHoboken, NJ : _bWiley-Interscience, _cc2004. |
||
| 300 |
_axix, 636 p. : _bill. ; _c24 cm. |
||
| 440 | 0 | _aWiley series in probability and statistics. | |
| 500 | _aHøyland's name appears first on the earlier edition. | ||
| 504 | _aIncludes bibliographical references (p. 605-624) and index. | ||
| 650 | 0 |
_aReliability (Engineering) _xStatistical methods. |
|
| 700 | 1 |
_aHøyland, Arnljot, _d1924- |
|
| 856 | 4 | 2 |
_3Contributor biographical information _uhttp://www.loc.gov/catdir/bios/wiley046/2003057631.html |
| 856 | 4 | 2 |
_3Publisher description _uhttp://www.loc.gov/catdir/description/wiley039/2003057631.html |
| 856 | 4 | 2 |
_3Table of contents _uhttp://www.loc.gov/catdir/toc/wiley032/2003057631.html |
| 942 |
_cBB _k620.00452R248 |
||
| 999 |
_c1232 _d1232 |
||